<?xml version="1.0" encoding="UTF-8"?>
<collection xmlns:xsi="http://www.w3.org/2001/XMLSchema-instance" xsi:schemaLocation="http://www.loc.gov/MARC21/slim http://www.loc.gov/standards/marcxml/schema/MARC21slim.xsd" xmlns="http://www.loc.gov/MARC21/slim">
 <record>
  <leader>00000ctm a22000003a 4500</leader>
  <controlfield tag="001">UP-8027390931313977954</controlfield>
  <controlfield tag="003">Buklod</controlfield>
  <controlfield tag="005">20170324140503.0</controlfield>
  <controlfield tag="006">m    |o  d |      </controlfield>
  <controlfield tag="007">ta</controlfield>
  <controlfield tag="008">170324s        xx     d     r    |||| u|</controlfield>
  <datafield tag="035" ind1=" " ind2=" ">
   <subfield code="a">(iLib)UPVIS-00045738784</subfield>
  </datafield>
  <datafield tag="037" ind1=" " ind2=" ">
   <subfield code="a">Gift</subfield>
  </datafield>
  <datafield tag="040" ind1=" " ind2=" ">
   <subfield code="a">VML/ess 3.24.17</subfield>
  </datafield>
  <datafield tag="041" ind1=" " ind2=" ">
   <subfield code="a">eng</subfield>
  </datafield>
  <datafield tag="090" ind1=" " ind2="0">
   <subfield code="a">LG 993.5 2013 C7 A76</subfield>
  </datafield>
  <datafield tag="100" ind1="0" ind2=" ">
   <subfield code="a">Arnaiz, Elaine Grace P.</subfield>
  </datafield>
  <datafield tag="245" ind1="0" ind2="0">
   <subfield code="a">Organizing KALAHI-CIDSS communities in Bugasong, Antique</subfield>
   <subfield code="b">the experience of Barangay Bagtason and Barangay Igsoro.</subfield>
   <subfield code="c">Elaine Grace P. Arnaiz.</subfield>
  </datafield>
  <datafield tag="264" ind1=" " ind2="1">
   <subfield code="a">2013.</subfield>
  </datafield>
  <datafield tag="300" ind1=" " ind2=" ">
   <subfield code="a">xi, 108 leaves</subfield>
   <subfield code="b">computer print-out.</subfield>
  </datafield>
  <datafield tag="500" ind1=" " ind2=" ">
   <subfield code="a">Research Paper (Undergraduate, Bachelor of Arts in Community Development) College of Arts and Sciences, University of the Philippines in the Visayas, Miagao, Iloilo.</subfield>
  </datafield>
  <datafield tag="520" ind1=" " ind2=" ">
   <subfield code="a">This undergraduate research entitled &quot;Organizing KALAHI-CIDSS Communities in Bugasong, Antique: The experience of Barangay Bagtason and barangay Igsoro&quot; is a documentation and analysis of the Community - Driven DEvelopment (CDD) approach to community organizing in the implementation  of KALAHI-CIDSS Project in Barangay Bagtason and Barangay Igsoro in the municipality of Bugasong.  The community organizing process, in the KALAHI-CIDSS CDD context, refers to the Community Empowerment Acitivity Cycle (CEAC) which serves as the framework for KALAHI-CIDSS Project implementation., Primarily through Focus Group Discussion (FGD) and Key Informant Interview (KII), the researchers were able to describe the organizing process that has transpired during the course of KALAHI-CIDSS Project implementation in the two barangays along with the challenges that they encountered.  The data gathered from FGDs and KIIs were supplemented by the secondary data obtained from the KALAHI-CIDSS office in Bugasong such as Pariticipatory Situational Analysis (PSA) results, barangay profiles and other relevant records.  The data collected from various sources were triangulated to come up with valid discussions, lessons, recommendations and analysis.  Consolidation and analysis of the data is guided by the framework of the study and the people-centered development principles espoused by Manalili and Batistiana and Murphy.</subfield>
  </datafield>
  <datafield tag="651" ind1=" " ind2="0">
   <subfield code="a">Bugasong, Antique</subfield>
   <subfield code="x">KALAHI-CIDSS.</subfield>
  </datafield>
  <datafield tag="700" ind1="0" ind2=" ">
   <subfield code="a">Rodeo, Jay Rose.</subfield>
  </datafield>
  <datafield tag="720" ind1=" " ind2=" ">
   <subfield code="a">Firmase, Josephine Tajo.</subfield>
  </datafield>
  <datafield tag="852" ind1="0" ind2=" ">
   <subfield code="a">UPVIS</subfield>
   <subfield code="b">UPV-ML</subfield>
   <subfield code="h">LG 993.5 2013 C7 A76</subfield>
  </datafield>
  <datafield tag="942" ind1=" " ind2=" ">
   <subfield code="a">Thesis</subfield>
  </datafield>
 </record>
</collection>
